000 00512nam a2200169Ia 4500
008 090711s9999 xx 000 0 und d
082 _b70731
100 _aभावे पुरुषोत्तम भा.
245 _aकथामंथन
260 _c1992
300 _a214
600 _aभावे पुरुषोत्तम भा.
630 _aकथामंथन
700 _aभावे पुरुषोत्तम भा.
730 _aकथामंथन
942 _cBOOK
999 _c305691
_d305691